Selected exercises from microbes in action : a laboratory manual of microbiology
Αποθηκεύτηκε σε:
| Κύριος συγγραφέας: | |
|---|---|
| Άλλοι συγγραφείς: | |
| Μορφή: | Βιβλίο |
| Γλώσσα: | English |
| Δημοσίευση: |
San Francisco :
W. H. Freeman,
1981
|
| Έκδοση: | 3rd ed. |
| Θέματα: | |
| Ετικέτες: |
Προσθήκη ετικέτας
Δεν υπάρχουν, Καταχωρήστε ετικέτα πρώτοι!
|
MARC
| LEADER | 00000nam a2200000 i 4500 | ||
|---|---|---|---|
| 001 | 1/88692 | ||
| 008 | 950203s1981 eng d | ||
| 020 | |a 0-7167-1260-1 | ||
| 035 | |l 10007016 | ||
| 040 | |a GR-MY-UA |b gre |e aacr | ||
| 041 | 0 | |a eng | |
| 082 | 0 | |a 576.028 | |
| 100 | 1 | |a Seeley, Harry W. | |
| 245 | 1 | 0 | |a Selected exercises from microbes in action : |b a laboratory manual of microbiology / |c Harry W. Seeley; Paul J. VanDemark |
| 250 | |a 3rd ed. | ||
| 260 | |a San Francisco : |b W. H. Freeman, |c 1981 | ||
| 300 | |a x, 268 σ.; |b εικ.; |c 28 εκ. | ||
| 650 | 0 | 0 | |a Microbiology. |
| 700 | 1 | |a VanDemark, Paul J. | |
| 852 | |a INST |b LESVOS |e 19950203 |h 576.028 SEE |p 005100003048 |q 005100003048 |t BK |y 0 | ||
| 909 | |a Λ |b 010648 | ||